PERBANDARAN dan perancangan persekitaran

Bibliographic Details
Other Authors: Fashbir Noor Sidin, Mohd. Razali Agus
Format: Book
Published: Kuala Lumpur : Utusan Pub. & Dist. , 2000
Series:Siri pengajian dan pendidikan Utusan
Subjects:

MARC

LEADER 00000cam a2200000 7i4500
001 0000001193
005 20140126.0
020 0 0 |a 9676109886 
090 0 0 |a 307.1216   |b PER 2000 
245 0 0 |a PERBANDARAN dan perancangan persekitaran   |c diselenggarakan oleh Mohd. Razali Agus, Fashbir Noor Sidin 
260 0 0 |a Kuala Lumpur :   |b Utusan Pub. & Dist. ,   |c 2000 
300 |a 283 p. :   |b ill. ;   |c 25 cm. 
440 0 0 |a Siri pengajian dan pendidikan Utusan 
500 0 0 |a Includes bibliographical references 
650 0 0 |a City planning   |z Malaysia 
650 0 0 |a Ecology   |z Malaysia 
650 0 0 |a Urbanization   |z Malaysia 
700 0 1 |a Fashbir Noor Sidin 
700 0 1 |a Mohd. Razali Agus 
998 |a JPSM 
999 |a 0000002377   |b Monograph   |c Open Shelf   |e Default branch